| 000 | 00484nam a2200133Ia 4500 | ||
|---|---|---|---|
| 005 | 20260209120137.0 | ||
| 008 | 260209s9999||||xx |||||||||||||| ||und|| | ||
| 100 | _aNandini Biswas | ||
| 245 | 0 | _aMedia trial of terrorist accused in India : a human rights perspective | |
| 260 |
_aBangaloreBangalore _bNLSIU _c2016 |
||
| 300 | _a87 p. ; 25 cm. | ||
| 700 | _aProf. (Dr.) Sarasu E Thomas - GuideProf. (Dr.) Sarasu E Thomas - Guide | ||
| 856 | _uhttps://dans.nls.ac.in/handle/123456789/1668 | ||
| 999 |
_c217270 _d217270 |
||